5HLuxD.jpg

KING HENRY VIII SENIOR AND PRIMARY SCHOOL LIBRARY OPAC

The fever code / (Record no. 595)

000 -LEADER
fixed length control field 01225nam a22004098i 4500
001 - CONTROL NUMBER
control field 020979528
003 - CONTROL NUMBER IDENTIFIER
control field UkOxU
005 - DATE AND TIME OF LATEST TRANSACTION
control field 20190830160451.0
008 - FIXED-LENGTH DATA ELEMENTS--GENERAL INFORMATION
fixed length control field 170508r20172016enk j 000|f|eng|d
015 ## - NATIONAL BIBLIOGRAPHY NUMBER
National bibliography number GBB7B4716
Source bnb
016 7# - NATIONAL BIBLIOGRAPHIC AGENCY CONTROL NUMBER
Record control number 018409193
Source Uk
020 ## - INTERNATIONAL STANDARD BOOK NUMBER
International Standard Book Number 9781911077039 (pbk.) :
035 ## - SYSTEM CONTROL NUMBER
System control number (Uk)018409193
035 ## - SYSTEM CONTROL NUMBER
System control number (StEdALDL)1/3589679
040 ## - CATALOGING SOURCE
Original cataloging agency StDuBDS
Language of cataloging eng
Description conventions rda
Transcribing agency StDuBDS
049 ## - LOCAL HOLDINGS (OCLC)
Holding library CROBAR
082 04 - DEWEY DECIMAL CLASSIFICATION NUMBER
Classification number FIC DAS
Edition number 23
100 1# - MAIN ENTRY--PERSONAL NAME
Personal name Dashner, James,
Dates associated with a name 1972-
Relator term author.
245 14 - TITLE STATEMENT
Title The fever code /
Statement of responsibility, etc. James Dashner.
263 ## - PROJECTED PUBLICATION DATE
Projected publication date 201709
264 #1 - PRODUCTION, PUBLICATION, DISTRIBUTION, MANUFACTURE, AND COPYRIGHT NOTICE
Place of production, publication, distribution, manufacture Frome :
Name of producer, publisher, distributor, manufacturer Chicken House,
Date of production, publication, distribution, manufacture, or copyright notice 2017.
300 ## - PHYSICAL DESCRIPTION
Extent 1 volume, 329 p. ;
Dimensions 20 cm.
336 ## - CONTENT TYPE
Content type term text
Source rdacontent
337 ## - MEDIA TYPE
Media type term unmediated
Source rdamedia
338 ## - CARRIER TYPE
Carrier type term volume
Source rdacarrier
440 ## - SERIES STATEMENT/ADDED ENTRY--TITLE
Title Maze runner ;
Number of part/section of a work 5
500 ## - GENERAL NOTE
General note Originally published: 2016.
600 00 - SUBJECT ADDED ENTRY--PERSONAL NAME
Personal name Thomas
Titles and other words associated with a name (Fictitious character from Dashner)
Form subdivision Fiction.
650 #0 - SUBJECT ADDED ENTRY--TOPICAL TERM
Topical term or geographic name entry element WICKED (Imaginary organization)
Form subdivision Fiction.
655 #0 - INDEX TERM--GENRE/FORM
Genre/form data or focus term Dystopias.
655 #0 - INDEX TERM--GENRE/FORM
Genre/form data or focus term Young adult fiction.
902 ## - LOCAL DATA ELEMENT B, LDB (RLIN)
a Date before which claim should not be made: 20171002
942 ## - ADDED ENTRY ELEMENTS (KOHA)
Source of classification or shelving scheme
Koha item type Books - Fiction
980 ## - EQUIVALENCE OR CROSS-REFERENCE-SERIES STATEMENT--PERSONAL NAME/TITLE [LOCAL, CANADA]
Miscellaneous information 1
Date of a work 1/3589679
981 ## - EQUIVALENCE OR CROSS-REFERENCE-SERIES STATEMENT--CORPORATE NAME/TITLE [LOCAL, CANADA]
Date of meeting or treaty signing Agency file oxf2017-38.1
Holdings
Withdrawn status Lost status Source of classification or shelving scheme Damaged status Not for loan Collection code Permanent Location Current Location Shelving location Date acquired Total Checkouts Full call number Barcode Date last seen Date last checked out Price effective from Koha item type
          Fiction KH8 Senior School Library KH8 Senior School Library Fiction 2019-08-30 1 FIC DAS 3KHSL000101308 2024-07-16 2022-01-24 2019-08-30 Books - Fiction

Powered By KH8 IT Dept